00394cam a22001097a 4500008004000000082003000040100002500070245005700095260004800152300001100200440007300211180718b1992 xxu||||| |||| 00| 0 eng d aA81x54 In2/81/11/Pt8A&B/5 aCensus of India 1981 aMadhya Pradesh: household tables on scheduled tribes aDelhibThe Controller of Publicationsc1992 a947+p. aCensus of India 1981. Series-11, Madhya Pradesh. Part-VIII A & B (v)